| 000 | 00980nam a2200181Ia 4500 | ||
|---|---|---|---|
| 008 | 151202s9999||||xx |||||||||||||| ||und|| | ||
| 082 | _bPNVM-75147 | ||
| 100 | _aअग्रवाल विजय. | ||
| 245 | _aयोग्य निर्णय कसे घ्यावे योग्य निर्णय घेऊन यशस्वी होण्याची कला. | ||
| 260 | _b"मिरर पब्लिशिंग,पुणे." | ||
| 260 | _c75147 | ||
| 300 | _a172 | ||
| 600 | _aअग्रवाल विजय. | ||
| 630 | _aयोग्य निर्णय कसे घ्यावे योग्य निर्णय घेऊन यशस्वी होण्याची कला. | ||
| 700 | _aअग्रवाल विजय. | ||
| 730 | _aयोग्य निर्णय कसे घ्यावे योग्य निर्णय घेऊन यशस्वी होण्याची कला. | ||
| 942 | _cBOOK | ||
| 999 |
_c1341807 _d1341804 |
||